Представление документа в формате RUSMARC

ПолеНазваниеЗначение
  Тип записи a
  Библиографический уровень a
001 Контрольный номер RU/CBS_Ul/BASE/440592636
005 Дата корректировки 20240209175133.2
100 Данные общей обработки __
a Данные общей обработки 20131217d2013 ||| 0rusy0189 ca
101 Язык документа 0_
a Язык текста rus
102 Страна публикации __
a Страна публикации RU
105 Кодированные данные (монография) __
a Кодированные данные (монография) y###||||000|y
200 Заглавие и сведения об ответственности 1_
a Заглавие Вступление России в Великую войну: Первая мировая война
b Общее обозначение материала Текст
e Сведения, относящиеся к заглавию [моральный аспект]
f Первые сведения об ответственности Л. Решетников
300 Общие примечания __
a Общие примечания Ограничения по возрасту 16 +
461 Уровень набора _0
1 2000
a Москва
463 Уровень физической единицы _0
1 001RU/CBS_Ul/BASE/440591883
1 2000
a №7
v С. 124
1 210
d 2013
610 Ключевые слова 0_
a Ключевые слова Первая мировая война и Россия
686 Индексы других классификаций __
a Классификационный индекс 63.3
2 Код системы ББК
700 Автор _1
a Фамилия Решетников
b Имя (инициалы) Л.
801 Источник записи _0
a Страна RU
b Организация МБУК ЦБС г. Ульяновска
c Дата составления 20131217
g Правила каталогизации RCR
801 Источник записи _1
a Страна RU
b Организация МБУК ЦБС г. Ульяновска
c Дата составления 20131217
g Правила каталогизации RCR
901 Тип документа __
t Тип документа b
w Контрольный № источника RU/CBS_Ul/BASE/440591883
910 Корректоры записи __
a Корректор записи Ильина
938 Служебная информация __
a Имя БД period